Countries Stevie Wonder has Visited - Statistics

General Stats
  • This quiz has been taken 17 times
  • The average score is 28 of 30
Answer Stats
Continent Country % Correct
South America Argentina
100%
Oceania Australia
100%
South America Brazil
100%
North America Canada
100%
Europe France
100%
Europe Germany
100%
Europe Ireland
100%
Europe Italy
100%
Asia Japan
100%
Europe Netherlands
100%
Oceania New Zealand
100%
Europe Portugal
100%
Asia/ Europe Turkey
100%
Europe United Kingdom
100%
North America United States of America
100%
South America Chile
93%
Europe Czech Republic
93%
Europe Greece
93%
Asia United Arab Emirates
93%
Europe Denmark
86%
Europe Finland
86%
Asia Indonesia
86%
Africa Morocco
86%
Europe Norway
86%
Asia South Korea
86%
Europe Sweden
86%
Europe Switzerland
86%
North America Jamaica
79%
Europe Luxembourg
79%
Europe Monaco
79%
No matching quizzes found
Score Distribution
Percent of People with Each Score
Percentile by Number Answered
Your Score History
You have not taken this quiz